header

Cinematic howling (Record no. 127746)

MARC details
000 -LEADER
fixed length control field 01420nam a2200361 a 4500
100 1# - MAIN ENTRY--AUTHOR NAME
Personal name Cheu, Hoi F.
245 10 - TITLE STATEMENT
Title Cinematic howling
260 ## - PUBLICATION, DISTRIBUTION, ETC. (IMPRINT)
Place of publication Vancouver, Toronto :
Name of publisher UBC Press,
Year of publication c2007.
300 ## - PHYSICAL DESCRIPTION
Number of Pages viii, 206 p. :
Other physical details ill.
650 #0 - SUBJECT ADDED ENTRY--TOPICAL TERM
Topical Term Feminist films
Topical Term Feminism and motion pictures.
Topical Term Feminist film criticism.
Topical Term Women motion picture producers and directors.
Topical Term Women screenwriters.
856 40 - ELECTRONIC LOCATION AND ACCESS
Uniform Resource Identifier http://site.ebrary.com/lib/rucke/Doc?id=10214497

No items available.

© 2026 Rongo University
Contact us: librarian | system librarian | Rongo university